[Event "Kouty nad Desnou op-B"]
[Site "Kouty nad Desnou"]
[Date "2012.03.16"]
[Round "8"]
[White "Hejduk, Miroslav"]
[Black "Liduch, Filip"]
[Result "0-1"]
[WhiteElo "1659"]
[BlackElo "1653"]
[PlyCount "71"]
[EventDate "2012.03.10"]
[EventType "swiss"]
[EventRounds "9"]
[EventCountry "CZE"]
[SourceTitle "EXT 2013"]
[Source "ChessBase"]
[SourceDate "2012.11.22"]
[SourceVersion "1"]
[SourceVersionDate "2012.11.22"]
[SourceQuality "1"]

1. d4 Nf6 2. Nf3 e6 3. e3 d5 4. c4 Be7 5. Nc3 0-0 6. Bd3 b6 7. 0-0 dxc4 8. Bxc4 Bb7 9. Qe2 Nbd7 10. Rd1 Qc8 11. Bd2 Rd8 12. Rac1 Qb8 13. Be1 a6 14. Rc2 b5 15. Bd3 c5 16. dxc5 Nxc5 17. Rcd2 Ng4 18. g3 Bxf3 19. Qxf3 Ne5 20. Bxh7+ Kxh7 21. Qh5+ Kg8 22. Rxd8+ Bxd8 23. f4 Ned3 24. Qe2 Nxe1 25. Qxe1 b4 26. Ne2 Bf6 27. Nd4 Bxd4 28. Rxd4 a5 29. Qe2 Qb6 30. Rc4 Rc8 31. Kg2 Rc7 32. Qd2 Nb7 33. Rd4 Qc6+ 34. Kh3 g6 35. e4 f6 36. e5 0-1

[Event "CZE-chTW U20 1112"]
[Site "Czech Republic"]
[Date "2011.10.16"]
[Round "3.5"]
[White "Hejduk, Miroslav"]
[Black "Filip, Vojtech"]
[Result "0-1"]
[WhiteElo "1651"]
[BlackElo "1801"]
[PlyCount "82"]
[EventDate "2011.10.15"]
[EventType "team-tourn"]
[EventRounds "7"]
[EventCountry "CZE"]
[SourceTitle "EXT 2013"]
[Source "ChessBase"]
[SourceDate "2012.11.22"]
[SourceVersion "1"]
[SourceVersionDate "2012.11.22"]
[SourceQuality "1"]
[WhiteTeam "Liberec"]
[BlackTeam "Vlasim"]
[WhiteTeamCountry "CZE"]
[BlackTeamCountry "CZE"]

1. d4 d5 2. Nf3 c5 3. c3 e6 4. Nbd2 Nf6 5. g3 Be7 6. Bg2 0-0 7. 0-0 Nc6 8. Re1 cxd4 9. cxd4 Qb6 10. e3 Bd7 11. Qb3 Qxb3 12. Nxb3 Bd6 13. Bd2 Ne4 14. Rec1 b6 15. a3 a5 16. Be1 a4 17. Nbd2 f5 18. Nxe4 fxe4 19. Nd2 Na5 20. Rc3 Rfc8 21. Rac1 b5 22. Nb1 Nc4 23. R3c2 Nxb2 24. Bf1 Nc4 25. Bxc4 bxc4 26. Kf1 Rcb8 27. Bc3 Rb3 28. Nd2 Rxa3 29. Rb1 Rb8 30. Rxb8+ Bxb8 31. Ke1 Bd6 32. Kd1 Be8 33. h3 Bh5+ 34. g4 Be8 35. h4 h5 36. g5 Kf7 37. Ke2 Kg6 38. f3 exf3+ 39. Kxf3 Kf5 40. e4+ dxe4+ 41. Nxe4 Bc6 0-1